banner koha

Curso profissionalizante de arroz irrigado (Registro n. 290981)

MARC details
000 -LÍDER
campo de controle de tamanho fixo 01121nac a22003377a 4500
001 - NÚMERO DE CONTROLE
campo de controle BR0003083
003 - IDENTIFICADOR DO NÚMERO DE CONTROLE
campo de controle BR-BrBNA
005 - DATA E HORÁRIO DA ÚLTIMA TRANSAÇÃO
campo de controle 20240105122428.0
008 - CAMPO DE DADOS FIXOS--INFORMAÇÃO GERAL
campo de controle de tamanho fixo 230509b bl.|||m| |||| 00| 0 por d
040 ## - FONTE DA CATALOGAÇÃO
Instituição da catalogação original BR-BrBNA
Idioma da catalogação por
Instituição que transcreveu o registro Biblioteca Nacional de Agricultura
072 ## - CÓDIGO DE CATEGORIA DE ASSUNTO
Código de Categoria de Assunto C10
090 ## - NÚMERO DE CHAMADA LOCAL
Número de chamada 0150 BR0003083
100 1# - ENTRADA PRINCIPAL--NOME PESSOAL
Nome pessoal Voltolini, J.
100 1# - ENTRADA PRINCIPAL--NOME PESSOAL
Nome pessoal Knoblauch, R.
100 1# - ENTRADA PRINCIPAL--NOME PESSOAL
Nome pessoal Santini, S.V.
100 1# - ENTRADA PRINCIPAL--NOME PESSOAL
Nome pessoal Fernandes, V.S.
100 1# - ENTRADA PRINCIPAL--NOME PESSOAL
Nome pessoal Fuchs, G.
110 1# - ENTRADA PRINCIPAL--NOME CORPORATIVO
Nome corporativo ou nome da jurisdição Empresa de Pesquisa Agropecuaria e de Extensao Rural de Santa Catarina S.A., Florianopolis (Brasil)
245 1# - TÍTULO
Título Curso profissionalizante de arroz irrigado
260 3# - PUBLICAÇÃO, DISTRIBUIÇÃO, ETC.
Local de publicação, distribuição, etc. Florianopolis, SC (Brasil):
Data da publicação, distribuição, etc. 1998.
300 ## - DESCRIÇÃO FÍSICA
Extensão 107 p.
490 ## - TÍTULO DA SÉRIE
Título da série Boletim Didatico - Empresa de Pesquisa Agropeucaria e Extensao Rural de Santa Catarina S.A. (Brazil)
Número do volume ou designação sequencial da série no. 22
ISSN - International Standard Serial Number ISSN 1414-5219
500 ## - NOTA GERAL
Nota geral 31 ref.; 24 tables; 88 illus.
650 ## - ASSUNTO--TERMO TÓPICO
Cabeçalho tópico ou nome geográfico Arroz Irrigado
650 ## - ASSUNTO--TERMO TÓPICO
Cabeçalho tópico ou nome geográfico Formacao Profissional
650 ## - ASSUNTO--TERMO TÓPICO
Cabeçalho tópico ou nome geográfico Curso
650 ## - ASSUNTO--TERMO TÓPICO
Cabeçalho tópico ou nome geográfico Pratica Cultural
650 ## - ASSUNTO--TERMO TÓPICO
Cabeçalho tópico ou nome geográfico Doenca de Planta
909 ## -
-- 202312
-- Lúcia Elande
-- 55
-- Lúcia Elande
942 ## - ELEMENTOS DE ENTRADA ADICIONADOS (KOHA)
Fonte da classificação ou esquema de arquivamento na estante Classificação AGRIS
Ocultar no OPAC Não
Tipo de material Koha Monografia Seriada
Exemplares
Situação do descarte Fonte da classificação ou esquema de arquivamento na estante Situação física Não pode ser emprestado Coleção Biblioteca de origem Biblioteca atual Localização na estante Total de empréstimos Número de telefone completo Código de barras Data de último acesso Tipo de material Koha Fonte de aquisição
  Classificação AGRIS       Biblioteca Nacional de Agricultura - Binagri Biblioteca Nacional de Agricultura - Binagri Agrobase - Acervo Geral   0150 BR0003083 0150 BR0003083 18/12/2023 Monografia Seriada Portaria Interministerial nº 164/94

BINAGRI

Telefone: (61)3218-2567/2388/3357/2097 - binagri@agro.gov.br

Ministério da Agricultura e Pecuária , Esplanada dos Ministérios, Bloco D, Anexo B, Brasília/DF, CEP: 70.043-900